000 00698cam a2200205 a 4500
020 _a0792367219 (alk. paper)
040 _cDLC
082 0 0 _a333 KLU 2001 C156 Or.
245 0 0 _aEnvironment in the 21st century and new development patterns /
246 3 _aEnvironment in the twenty-first century and new development patterns
260 _aDordrecht ;
_aBoston :
_bKluwer Academic Publishers,
_cc2001
300 _aviii, 303 p. :
_bill. ;
_c25 cm
490 1 _aInstitute for Global Environmental Strategies ;
650 0 _aEconomic development
650 0 _aEnvironmental economics
650 0 _aTwenty-first century
700 1 _aMatsushita, K
700 1 _aHelten, Randal
942 _cAEDBB
999 _c18976
_d18976